Normal view
MARC view
Entry Topical Term
001 - CONTROL NUMBER
- control field: 15335
003 - CONTROL NUMBER IDENTIFIER
- control field: dpl
005 - DATE AND TIME OF LATEST TRANSACTION
- control field: 20100819161455.0
008 - FIXED-LENGTH DATA ELEMENTS
- fixed length control field: 100819|||a|||||| | ||| d
040 ## - CATALOGING SOURCE
- Original cataloging agency: dpl
- Transcribing agency: dpl
150 ## - HEADING--TOPICAL TERM
- Topical term or geographic name as entry element: Marine Fishes
670 ## - SOURCE DATA FOUND
- Source citation: Work cat.: (dpl): Victoria, E. Emimal 15334, Occurance site specificity frequency distribution and host parasite interface of enteric parasites in marine fishes /, 2007
670 ## - SOURCE DATA FOUND
- Source citation: Work cat.: (dpl): Victoria, E. Emimal 15334, Occurance site specificity frequency distribution and host parasite interface of enteric parasites in marine fishes /, 2007
